| 000 | 01515nam0a2200325 i 4500 | ||
|---|---|---|---|
| 001 | RU\NLR\bibl\1981175 | ||
| 005 | 20241103080314.0 | ||
| 010 |
_a9785948363332 _91500 |
||
| 021 |
_aRU _b2012-93662 _96941 |
||
| 035 | _a(NLR Aleph) 001969858 | ||
| 090 |
_a3940456 _c3940456 |
||
| 100 | _a20121220d2012 u y0rusy50 ca | ||
| 101 | 1 |
_arus _ceng |
|
| 102 | _aRU | ||
| 105 | _aa ||||||||| | ||
| 200 | 1 |
_aМногопроцессорные системы на одном кристалле. Разработка аппаратных средств и интеграция инструментов _e[сборник] _fпод ред. М. Хюбнера, Ю. Бекера _gперевод с англ. А.И. Демьяникова _gпод ред. д.т.н. В.Г. Немудрова |
|
| 210 |
_aМосква _cТехносфера _d2012 |
||
| 215 |
_a300 с. _cил. _d25 |
||
| 225 | 1 |
_aМир радиоэлектроники _fЯкунин А.С. пред. _v17 |
|
| 320 | _aБиблиогр. в конце ст. | ||
| 320 | _aПредм. указ.: с. 299-300 | ||
| 517 | 0 | _aРазработка аппаратных средств и интеграция инструментов | |
| 606 |
_aМногопроцессорные вычислительные системы _jСборники _92210025 _3RU\NLR\auth\661327629 |
||
| 686 | _aЗ973.202я43 | ||
| 702 | 1 |
_aХюбнер _bМ. _4340 |
|
| 801 | 0 |
_aRU _bNLR _c20121220 _gRCR |
|
| 801 | 1 |
_aRU _bNLR _c20121220 |
|
| 942 | _cBOOK | ||
| 980 | _aNBR | ||